00727nam a2200217Ia 4500003000400000005001700004006001800021007000300039008004100042024001000083037001100093040001800104041001300122100001700135110008600152245012700238260000900365650002000374700002900394700008600423OSt20220930073124.0a|||||r|||| 00| 0ta220926b |||||||| |||| 00| 0 eng d a28035 cTheses aCRLcCRLbeng 2engaeng aArya Animesh aUniversity of Delhi. Faculty of Medical Sciences. Department of Clinical Research 0aBacterial flore (aerobic and anaerobic) in cases of chronic obstructive lung disease b Studies on transtracheal aspirates c1985 aDRUGS - TESTING a Dr O P Jaggi Supervisor aUniversity of Delhi. Faculty of Medical Sciences. Department of Clinical Research